La communication et les mass media

Đã lưu trong:
书目详细资料
格式: 图书
语言:Undetermined
出版: Verviers Gérard & Co. 1973
主题:
标签: 添加标签
没有标签, 成为第一个标记此记录!
Thư viện lưu trữ: Trung tâm Học liệu Trường Đại học Cần Thơ
LEADER 00489nam a2200181Ia 4500
001 CTU_98201
008 210402s9999 xx 000 0 und d
082 |a 001.503 
082 |b C734 
245 0 |a La communication et les mass media 
260 |a Verviers 
260 |b Gérard & Co. 
260 |c 1973 
650 |a Communication,Communication,Mass media 
650 |x Polyglot 
650 |z French,French 
904 |i Năm 
980 |a Trung tâm Học liệu Trường Đại học Cần Thơ